000
00299nam a2200145Ia 4500
100
_a
Baird /Sean
942
_c
BK
654
_a
SQL
245
_a
SQL Server Systems Administration
260
_b
Techmedia
_c
1999
082
_a
5.72
_b
BAI/DAR
300
_a
328
546
_a
ENGLISH
999
_c
21214
_d
21214